01358nam a22002417a 4500003000400000008004100004020001800045082001400063100002600077245003800103250000800141260002600149300000700175650002000182700002000202942001200222999001700234952016900251952019200420952016800612952016800780952016800948OSt260122b |||||||| |||| 00| 0 eng d a9789389108527 a615.1 MUP aMudagal, Manjunatha.P aPractical book of pharmacology-II a3rd aN.DelhibNiralic2022 a65 aPharmacology-II aPriyanka, Pamba 2ddccBK c13796d13796 00102ddc40708BPaPIETbPIETd2026-01-08eZafaa Books DistributresfIndian Rupg80.00kZBD0374l0o615.1 MUPpBP2896r2026-01-22 00:00:00v60.00w2026-01-04yREF 00102ddc40708BPaPIETbPIETd2026-01-08eZafaa Books DistributresfIndian Rupg80.00kZBD0374l1o615.1 MUPpBP2897q2026-10-12r2026-03-24 00:00:00s2026-03-24v60.00w2026-01-04yBK 00102ddc40708BPaPIETbPIETd2026-01-08eZafaa Books DistributresfIndian Rupg80.00kZBD0374l0o615.1 MUPpBP2898r2026-01-22 00:00:00v60.00w2026-01-04yBK 00102ddc40708BPaPIETbPIETd2026-01-08eZafaa Books DistributresfIndian Rupg80.00kZBD0374l0o615.1 MUPpBP2899r2026-01-22 00:00:00v60.00w2026-01-04yBK 00102ddc40708BPaPIETbPIETd2026-01-08eZafaa Books DistributresfIndian Rupg80.00kZBD0374l0o615.1 MUPpBP2900r2026-01-22 00:00:00v60.00w2026-01-04yBK